Arab media and political renewal : (Record no. 22512)
[ view plain ]
| 000 -LEADER | |
|---|---|
| fixed length control field | 00850cam a22002415a 4500 |
| 001 - CONTROL NUMBER | |
| control field | 7874316 |
| 005 - DATE AND TIME OF LATEST TRANSACTION | |
| control field | 20161011124826.0 |
| 008 - FIXED-LENGTH DATA ELEMENTS--GENERAL INFORMATION | |
| fixed length control field | 060614s2007 enka frb 001 0 eng d |
| 020 ## - INTERNATIONAL STANDARD BOOK NUMBER | |
| International Standard Book Number | 9781845113278 |
| 020 ## - INTERNATIONAL STANDARD BOOK NUMBER | |
| International Standard Book Number | 1845113276 |
| 040 ## - CATALOGING SOURCE | |
| Original cataloging agency | UKM |
| Transcribing agency | UKM |
| Modifying agency | BAKER |
| -- | YDXCP |
| -- | YDX |
| -- | CUS |
| -- | BTCTA |
| -- | EG-ScBUE |
| Language of cataloging | eng |
| 082 04 - DEWEY DECIMAL CLASSIFICATION NUMBER | |
| Classification number | 302.230953 |
| Edition number | 22 |
| Item number | ARA |
| 245 00 - TITLE STATEMENT | |
| Title | Arab media and political renewal : |
| Remainder of title | community, legitimacy and public life / |
| Statement of responsibility, etc | edited by Naomi Sakr. |
| 260 ## - PUBLICATION, DISTRIBUTION, ETC. (IMPRINT) | |
| Place of publication, distribution, etc | London ; |
| -- | New York : |
| Name of publisher, distributor, etc | I. B. Tauris, |
| Date of publication, distribution, etc | 2007. |
| 300 ## - PHYSICAL DESCRIPTION | |
| Extent | xv, 208 p. : |
| Other physical details | ill. ; |
| Dimensions | 22 cm. |
| 500 ## - GENERAL NOTE | |
| General note | Index : p. 204-208. |
| 504 ## - BIBLIOGRAPHY, ETC. NOTE | |
| Bibliography, etc | Bibliography : p. 195-203. |
| 650 #0 - SUBJECT ADDED ENTRY--TOPICAL TERM | |
| Topical term or geographic name as entry element | Mass media |
| Geographic subdivision | Arabian Peninsula. |
| Source of heading or term | BUEsh |
| 9 (RLIN) | 41440 |
| 650 #0 - SUBJECT ADDED ENTRY--TOPICAL TERM | |
| Topical term or geographic name as entry element | Press and politics |
| Geographic subdivision | Arabian Peninsula. |
| Source of heading or term | BUEsh |
| 9 (RLIN) | 41441 |
| 653 ## - INDEX TERM--UNCONTROLLED | |
| Resource For college | BAEPS, Political Science |
| Arrived date list | October2016 |
| 700 1# - ADDED ENTRY--PERSONAL NAME | |
| Personal name | Sakr, Naomi, |
| Relator term | editor. |
| 9 (RLIN) | 38471 |
| 942 ## - ADDED ENTRY ELEMENTS (KOHA) | |
| Source of classification or shelving scheme | Dewey Decimal Classification |
| Withdrawn status | Item status | Source of classification or shelving scheme | Damaged status | Not for loan | Vendor | Home library | Current library | Shelving location | Date acquired | Source of acquisition | Cost, normal purchase price | Total Checkouts | Full call number | Barcode | Date last seen | Cost, replacement price | Koha item type |
|---|---|---|---|---|---|---|---|---|---|---|---|---|---|---|---|---|---|
| Dewey Decimal Classification | AUC | Central Library | Central Library | First floor | 11/10/2016 | Purchase | 40.00 | 302.230953 ARA | 000034018 | 15/07/2025 | 50.00 | Book - Borrowing |